A1 (UK road) - Statistics

General Stats
  • This quiz has been taken 42 times
  • The average score is 9 of 24
Answer Stats
Hint Answer % Correct
P 12 Peterborough
77%
N U T 9 4 4 Newcastle upon Tyne
74%
D 9 Doncaster
68%
E 9 Edinburgh
68%
L 6 London
55%
N o T 6 2 5 Newark on Trent
48%
S 9 Stevenage
48%
D 10 Darlington
45%
B U T 7 4 5 Berwick upon Tweed
42%
WGC 6 6 4 Welwyn Garden City
42%
S 8 Stamford
39%
C L S 6 2 6 Chester Le Street
35%
G 8 Grantham
35%
H 10 Huntingdon
35%
W 8 Wetherby
35%
H 8 Hatfield
32%
B 11 Biggleswade
26%
G 9 Gateshead
26%
S N 5 5 Saint Neots
23%
S 5 Sandy
23%
P 10 Pontefract
19%
D 6 Dunbar
13%
M 7 Morpeth
10%
P 11 Prestonpans
10%
No matching quizzes found
Score Distribution
Percent of People with Each Score
Percentile by Number Answered
Your Score History
You have not taken this quiz